Nevermind (Remastered) - Album (Nirvana) - Statistics

General Stats
  • This quiz has been taken 41 times
  • The average score is 11 of 13
Answer Stats
# Title % Correct
1. Smells Like Teen Spirit
100%
4. Breed
95%
2. In Bloom
95%
12. Something In The Way
95%
3. Come As You Are
91%
8. Drain You
91%
5. Lithium
91%
7. Territorial Pissings
91%
6. Polly
86%
9. Lounge Act
77%
11. On A Plain
73%
13. Endless, Nameless
68%
10. Stay Away
59%
No matching quizzes found
Score Distribution
Percent of People with Each Score
Percentile by Number Answered
Your Score History
You have not taken this quiz